Trois lois de la robotique - Statistiques

Statistiques générales
  • Ce quiz a été pris 6 fois
  • Le résultat moyen est 42 sur 69
Statistiques - réponses
Trois lois de la robotique % Correct
à
100%
de
100%
en
100%
en
100%
la
100%
la
100%
la
100%
la
100%
100%
ou
100%
1.
80%
2.
80%
3.
80%
au
80%
aux
80%
deuxième
80%
doit
80%
doit
80%
être
80%
être
80%
humain
80%
humain
80%
loi,
80%
loi.
80%
ne
80%
obéir
80%
première
80%
première
80%
robot
80%
robot
80%
robot
80%
sauf
80%
si
80%
Un
80%
un
80%
Un
80%
Un
80%
humains,
60%
les
60%
ordres
60%
ordres
60%
pas
60%
peut
60%
protéger
60%
son
60%
atteinte
40%
avec
40%
avec
40%
contradiction
40%
contradiction
40%
danger;
40%
entrent
40%
êtres
40%
ni,
40%
par
40%
porter
40%
tels
40%
donnés
20%
existence
20%
exposé
20%
laisser
20%
passif,
20%
restant
20%
cet
0%
cette
0%
dans
0%
mesure
0%
n'entre
0%
protection
0%
Aucun quiz correspondant
Distribution des résultats
% des personnes avec chaque résultat
Percentile par nombre de réponses
Votre historique - résultats
Vous n’avez pas pris ce quiz